000 01163pab a2200169 454500
008 180718b xxu||||| |||| 00| 0 eng d
100 _aKamra, Pawan K.
245 _aPeople's empowerment through panchayati raj institutions in Haryana: a study of male representatives in the working of Panchayati Raj Institutions
300 _ap.88-106.
520 _aEmpowering the people, of late, has become catch word with our National and State governments. Many efforts have been initiated since independence and one such major effort could easily be singled out is the induction of 73rd amendment Act. All talks about virtual People's Empowerment will remain in the air until the ground realities are recognized. the elected representatives of the local especially of the rural local bodies be empowered to provide good governance and empowerment. The effort through this Paper is to assess the People's empowerment in the State of Haryana in terms of Participation amongst male representatives. - Reproduced.
650 _aPanchayat
700 _aSharma, Puja
700 _aNagpal, Ritesh
773 _aResearch Journal Social Science
908 _aN
909 _a87071
999 _c87071
_d87071